Sujetos federales de Rusia - Estadísticas

Estadísticas generales
  • Esta prueba ha sido intentada 157 veces
  • La puntuación promedio es 30 de 85
Estadísticas de respuestas
Respuest % Correcto
Óblast Moscú
93%
Ciudad Federal Moscú
93%
Ciudad Federal San Petersburgo
84%
República Chechenia
69%
Óblast Kaliningrado
54%
República Osetia del Norte
54%
República Sajá
52%
República Crimea
51%
República Daguestán
49%
Krai Kamchatka
49%
Ciudad Federal Sebastopol
49%
Óblast Volgogrado
46%
República Altái
44%
Krai Altái
44%
República Ingusetia
44%
Krai Krasnodar
44%
República Tuvá
44%
Krai Krasnoyarsk
43%
Óblast Múrmansk
43%
Óblast Rostov
43%
República Carelia
41%
Óblast Leningrado
41%
Óblast Autónomo Óblast autónomo Hebreo
41%
Óblast Omsk
41%
Krai Perm
41%
Distrito Autónomo Chukotka
39%
Óblast Samara
39%
República Tartaristán
39%
Óblast Amur
38%
Óblast Arcángel
38%
República Adigueya
36%
Óblast Irkutsk
36%
República Kalmukia
36%
Óblast Nóvgorod
36%
Óblast Tula
36%
República Karacháyevo Cherkesia
34%
República Mari El
34%
Óblast Novosibirsk
34%
Óblast Sajalín
34%
Óblast Vladímir
34%
República Baskortostán
33%
Óblast Cheliábinsk
33%
República Chuvasia
33%
República Kabardia Balkaria
33%
República Komi
33%
Óblast Tomsk
33%
República Udmurtia
33%
Óblast Astracán
31%
Óblast Magadán
31%
Óblast Nizhni Nóvgorod
31%
Óblast Smolensk
31%
Óblast Bélgorod
28%
República Buriatia
28%
República Jakasia
28%
Distrito Autónomo Janti Mansi
28%
Óblast Kursk
28%
República Mordovia
28%
Distrito Autónomo Nenetsia
28%
Óblast Sarátov
28%
Óblast Tiumén
28%
Óblast Vorónezh
28%
Óblast Ivánovo
26%
Krai Jabárovsk
26%
Óblast Oremburgo
26%
Krai Stávropol
26%
Óblast Pskov
25%
Óblast Tambov
25%
Óblast Briansk
23%
Óblast Kémerovo
23%
Óblast Penza
23%
Óblast Uliánovsk
23%
Óblast Yaroslavl
23%
Óblast Kaluga
21%
Óblast Kírov
21%
Óblast Kurgán
21%
Óblast Lípetsk
21%
Óblast Oriol
21%
Krai Primorie
21%
Óblast Riazán
21%
Óblast Tver
21%
Óblast Vólogda
21%
Distrito Autónomo Yamalia Nenetsia
21%
Óblast Kostromá
20%
Óblast Sverdlovsk
20%
Krai Zabaikalie
16%
No se encontraron pruebas coincidentes
Distribución de puntuación
Porcentaje de gente con cada puntuación
Porcentaje por número respondido
Historial de tus puntuaciones
No has intentado esta prueba.